Catálogo

Libertad y sacrificio / (Registro nro. 26599)

Detalles MARC
000 -LEADER
fixed length control field 03063cam a2200625 i 4500
001 - CONTROL NUMBER
control field 26599
003 - CONTROL NUMBER IDENTIFIER
control field Mx-PuUPA
005 - DATE AND TIME OF LATEST TRANSACTION
control field 20250307131557.0
008 - FIXED-LENGTH DATA ELEMENTS--GENERAL INFORMATION
fixed length control field 140415s2007 sp gr 001 0 spa d
017 ## - COPYRIGHT OR LEGAL DEPOSIT NUMBER
Copyright or legal deposit number S. 1201-2007
020 ## - INTERNATIONAL STANDARD BOOK NUMBER
International Standard Book Number 9788430116508
040 ## - CATALOGING SOURCE
Original cataloging agency Mx-PuUPA
Language of cataloging spa
Transcribing agency Mx-PuUPA
Modifying agency Mx-PuUPA
Description conventions rda
041 1# - LANGUAGE CODE
Language code of text/sound track or separate title spa
Language code of original cze
-- ger
043 ## - GEOGRAPHIC AREA CODE
Geographic area code e------
100 1# - MAIN ENTRY--PERSONAL NAME
Personal name Patočka, Jan,
Dates associated with a name 1907-1977
9 (RLIN) 16711
Relator term autor
245 10 - TITLE STATEMENT
Title Libertad y sacrificio /
Statement of responsibility, etc. Jan Patočka, autor ; Iván Ortega Rodríguez, traductor
264 #1 - PRODUCTION, PUBLICATION, DISTRIBUTION, MANUFACTURE, AND COPYRIGHT NOTICE
Place of production, publication, distribution, manufacture Salamanca, España :
Name of producer, publisher, distributor, manufacturer Ediciones Sígueme,
Date of production, publication, distribution, manufacture, or copyright notice 2007
300 ## - PHYSICAL DESCRIPTION
Extent 398 páginas ;
Dimensions 22 cm
336 ## - CONTENT TYPE
Fuente rdacontent
Content type term texto
Content type code txt
337 ## - MEDIA TYPE
Source rdamedia
Media type term sin medio
Media type code n
338 ## - CARRIER TYPE
Source rdacarrier
Carrier type term volumen
Carrier type code nc
490 0# - SERIES STATEMENT
Series statement Hermeneia ;
Volume/sequential designation 76
650 #7 - SUBJECT ADDED ENTRY--TOPICAL TERM
Source of heading or term armarc
Topical term or geographic name entry element Antropología cultural y social
Geographic subdivision Europa
650 #7 - SUBJECT ADDED ENTRY--TOPICAL TERM
Source of heading or term armarc
Topical term or geographic name entry element Filosofía europea
Chronological subdivision Siglo XX
650 #7 - SUBJECT ADDED ENTRY--TOPICAL TERM
Source of heading or term armarc
Topical term or geographic name entry element Libertad
650 #7 - SUBJECT ADDED ENTRY--TOPICAL TERM
Source of heading or term armarc
Topical term or geographic name entry element Filosofía checa
Chronological subdivision Siglo XX
700 1# - ADDED ENTRY--PERSONAL NAME
Personal name Ortega Rodríguez, Iván,
Relator term traductor
700 12 - ADDED ENTRY--PERSONAL NAME
Personal name Patočka, Jan, 1907-1977.
Title of a work Několik poznámek o mimosvetske a světské pozici filosofie.
Date of a work 1934.
Language of a work Español
700 12 - ADDED ENTRY--PERSONAL NAME
Personal name Patočka, Jan, 1907-1977.
Title of a work Životní rovnováha a životní amplituda.
Date of a work 1939.
Language of a work Español
700 12 - ADDED ENTRY--PERSONAL NAME
Personal name Patočka, Jan, 1907-1977.
Title of a work Ideologie a život v ideji.
Date of a work 1946.
Language of a work Español
700 12 - ADDED ENTRY--PERSONAL NAME
Personal name Patočka, Jan, 1907-1977.
Title of a work Negativní platonismus.
Date of a work 1987.
Language of a work Español
700 12 - ADDED ENTRY--PERSONAL NAME
Personal name Patočka, Jan, 1907-1977.
Title of a work Nadcivilizace a její vnitřní konflikt.
Date of a work 1994.
Language of a work Español
700 12 - ADDED ENTRY--PERSONAL NAME
Personal name Patočka, Jan, 1907-1977.
Title of a work Die Selbstbesinnung Europas.
Date of a work 1994.
Language of a work Español
700 12 - ADDED ENTRY--PERSONAL NAME
Personal name Patočka, Jan, 1907-1977.
Title of a work Duchovní základy života v naší době.
Date of a work 1970.
Language of a work Español
700 12 - ADDED ENTRY--PERSONAL NAME
Personal name Patočka, Jan, 1907-1977.
Title of a work Duchovní člověk a intelektuál.
Date of a work 1988.
Language of a work Español
700 12 - ADDED ENTRY--PERSONAL NAME
Personal name Patočka, Jan, 1907-1977.
Title of a work Čtyři semináře k problému Evropy.
Dates associated with a name 1988.
Language of a work Español
700 12 - ADDED ENTRY--PERSONAL NAME
Personal name Patočka, Jan, 1907-1977.
Title of a work Hrdinové naší doby.
Dates associated with a name 1977.
Language of a work Español
700 12 - ADDED ENTRY--PERSONAL NAME
Personal name Patočka, Jan, 1907-1977.
Title of a work Komentář a diskuse k interview s M. Heideggerem z časopisu.
Dates associated with a name 1978.
Language of a work Español
740 02 - ADDED ENTRY--UNCONTROLLED RELATED/ANALYTICAL TITLE
Uncontrolled related/analytical title Algunas consideraciones sobre la posición de la filosofía dentro y fuera del mundo.
740 02 - ADDED ENTRY--UNCONTROLLED RELATED/ANALYTICAL TITLE
Uncontrolled related/analytical title Vida en equilibrio y vida en amplitud.
740 32 - ADDED ENTRY--UNCONTROLLED RELATED/ANALYTICAL TITLE
Uncontrolled related/analytical title La ideología y la vida en la idea.
740 32 - ADDED ENTRY--UNCONTROLLED RELATED/ANALYTICAL TITLE
Uncontrolled related/analytical title El platonismo negativo.
740 32 - ADDED ENTRY--UNCONTROLLED RELATED/ANALYTICAL TITLE
Uncontrolled related/analytical title La supercivilización y su conflicto interno.
740 02 - ADDED ENTRY--UNCONTROLLED RELATED/ANALYTICAL TITLE
Uncontrolled related/analytical title Reflexión sobre Europa.
740 42 - ADDED ENTRY--UNCONTROLLED RELATED/ANALYTICAL TITLE
Uncontrolled related/analytical title Los fundamentos espirituales de la vida contemporánea.
740 32 - ADDED ENTRY--UNCONTROLLED RELATED/ANALYTICAL TITLE
Uncontrolled related/analytical title El hombre espiritual y el intelectual.
740 02 - ADDED ENTRY--UNCONTROLLED RELATED/ANALYTICAL TITLE
Uncontrolled related/analytical title Cuatro seminarios sobre el problema de Europa.
740 42 - ADDED ENTRY--UNCONTROLLED RELATED/ANALYTICAL TITLE
Uncontrolled related/analytical title Los héroes de nuestro tiempo.
740 02 - ADDED ENTRY--UNCONTROLLED RELATED/ANALYTICAL TITLE
Uncontrolled related/analytical title "Sólo un dios puede salvarnos". Introducción, notas y coloquio a propósito de la entrevista a Martin Heidegger en Der-Spiegel.
942 ## - ADDED ENTRY ELEMENTS (KOHA)
Source of classification or shelving scheme Dewey Decimal Classification
Koha item type Libro
Classification part 190.904
Item part P2418
Existencias
Withdrawn status Lost status Source of classification or shelving scheme Damaged status Not for loan Collection code Home library Current library Shelving location Date acquired Source of acquisition Cost, normal purchase price Total Checkouts Full call number Barcode Date last seen Cost, replacement price Price effective from Koha item type
    Dewey Decimal Classification     General Biblioteca Karol Wojtyla Biblioteca Karol Wojtyla Sala general 03/12/2013 Donación 0.00   190.904 P2418 2007 49633 05/01/2026 0.00 03/12/2013 Libro